Foot : Meilleurs buteurs de l'histoire sur une saison Bundesliga - Statistiques

Statistiques générales
  • Ce quiz a été pris 46 fois
  • Le résultat moyen est 7 sur 10
Statistiques - réponses
Année Nombre de match Nombre de but Joueur % Correct
2020/2021 29 41 Robert Lewandowski
100%
1971/1972 34 40 Gerd Müller
95%
2021/2022 34 35 Robert Lewandowski
91%
2019/2020 31 34 Robert Lewandowski
91%
1969/1970 33 38 Gerd Müller
89%
2023/2024 32 36 Harry Kane
89%
1972/1973 33 36 Gerd Müller
86%
2016/2017 32 31 Pierre Emerick Aubameyang
45%
1976/1977 34 34 Dieter Muller
0%
1965/1966 34 31 Lothar Emmerich
0%
Aucun quiz correspondant
Distribution des résultats
% des personnes avec chaque résultat
Percentile par nombre de réponses
Votre historique - résultats
Vous n’avez pas pris ce quiz